| 000 | 00993nam a22002417a 4500 | ||
|---|---|---|---|
| 005 | 20131017110756.0 | ||
| 008 | 980204s1997 au a b 100 0 eng | ||
| 020 | _a3853209556 | ||
| 041 | 0 | _aeng | |
| 080 | _a004:061.3 | ||
| 111 | 2 |
_aInterdisciplinary Information Management Talks _n(6th : _d1998 : _cZadov, Czech Republic) |
|
| 245 | 0 | 0 |
_aIDIMT '98, 6th Interdisciplinary Information Management Talks : proceedings / _cSusanne Hofer, Manfred Beneder. |
| 260 |
_aWien : _bUniversitatsverlag Rudolf Trauner, _c1998. |
||
| 300 |
_a389 f. : _bme il ; _c24 cm. |
||
| 440 | 0 |
_aSchriftenreihe der Österreichischen Computer Gesellschaft ; _vBd. 102 |
|
| 490 |
_aSchriftenreihe der Österreichischen Computer Gesellschaft ; _vBd. 102 |
||
| 504 | _aIncludes bibliographical references. | ||
| 650 | 0 |
_aMenaxhimi i sistemeve të informacionit _xKongreset. |
|
| 650 | 0 |
_aMenaxhimi i burimeve të informacionit _xKongreset. |
|
| 700 | 1 | _aHofer, Susanne. | |
| 700 | 1 | _aBeneder, Manfred | |
| 942 |
_2udc _cBK |
||
| 999 |
_c134 _d134 |
||